| 000 | 00502nam a2200181Ia 4500 | ||
|---|---|---|---|
| 008 | 230917s9999||||xx |||||||||||||| ||und|| | ||
| 020 | _cRS550 | ||
| 040 |
_e248301 _aMAIN |
||
| 041 | _aEnglish | ||
| 082 | _a658.3 P192H(2) | ||
| 100 | _aPande, Sharon | ||
| 245 | 0 | _aHuman resource management: Text and case | |
| 250 | _a2nd ed. | ||
| 260 |
_aNoida _bVikas Publishing House _c2018 |
||
| 300 | _axxv, 594 p. | ||
| 500 | _a3158 11/06/2018 HBD18/7421 18/06/2018 IMSAR (Dev. & Research) | ||
| 942 | _cBK | ||
| 999 |
_c27097 _d27097 |
||